• 首页
  • 本馆介绍
  • 公告通知
  • 最新文献
  • 馆藏检索
  • 电子资源
  • 读者导购
  • 参考咨询
  • 我的图书馆
  • 登录
  • 详细信息显示
  • 放入我的书架
  • 预约/预借图书
  • 作者相关作品
  • 分类相关作品
  • 丛书相关作品
  • 出版社相关作品

书目信息

  • 表格格式
  • 工作单格式
  • 卡片格式
题名:
建筑园林
    
 
作者: 赵志远 主编
分册:  
出版信息: 乌鲁木齐   新疆美术摄影出版社  2014
页数: 153页
开本: 23cm
丛书名: 青少年百科丛书
单 册:
中图分类: TU-86
科图分类:
主题词: 建筑艺术 , 青年读物 , 世界 , 少年读物
电子资源:
ISBN: 978-7-5469-1975-1
000 00738nam0 2200289 450
001 465
001 01CN07894133@CSLN
005 20160906085348.64
010    @a978-7-5469-1975-1@dCNY29.80
100    @a20120329d2012 demy0chiy50 ea
101 0  @achi
102    @aCN@b650000
105    @aa z 000yy
200 1  @a建筑园林@9jian zhu yuan lin@f赵志远主编
210    @a乌鲁木齐@c新疆美术摄影出版社@d2014
215    @a153页@c彩图@d23cm
225 1  @a青少年百科丛书
330    @a本书说的是:建筑园林
410  0 @12001
606    @a建筑艺术
606    @a青年读物
606    @a世界
606    @a少年读物
690    @aTU-86@v1
701    @a赵志远@4主编
801  0 @aCN@b唐山师范学院图书馆@c20160722
905    @aZUCC@dTU-86@e125
    
    建筑园林/赵志远主编.-乌鲁木齐:新疆美术摄影出版社,2014
    153页:彩图;23cm.-(青少年百科丛书)
    
    
    ISBN 978-7-5469-1975-1:CNY29.80
    本书说的是:建筑园林
●
相关链接 在E读中查询图书 在五车中查询图书 在当当中查询图书 在豆瓣中查询图书


正题名:建筑园林     索取号:TU-86/125         预约/预借

序号 登录号 条形码 馆藏地/架位号 状态 备注
1 901998   209019989   第二样本阅览室/ [索取号:TU-86/125] 在馆    
2 901999   209019998   第三借阅区/ [索取号:TU-86/125] 在馆    
3 902000   209020003   第三借阅区/ [索取号:TU-86/125] 在馆    
唐山师范学院图书馆 欢迎您!
大连网信软件有限公司© 版权所有